[Event "Richardson UTD op"]
[Site "Richardson"]
[Date "2013.03.10"]
[Round "3"]
[White "Moradiabadi, Elshan"]
[Black "Bercys, Salvijus"]
[Result "0-1"]
[WhiteElo "2565"]
[BlackElo "2427"]
[Annotator "CB"]
[PlyCount "68"]
[EventDate "2013.03.09"]
[EventType "swiss"]
[EventRounds "9"]
[EventCountry "USA"]
[SourceTitle "CBM 153 Extra"]
[Source "ChessBase"]
[SourceDate "2013.04.22"]
[SourceVersion "1"]
[SourceVersionDate "2013.04.22"]
[SourceQuality "1"]

1. d4 g6 2. Nf3 Bg7 3. c4 d6 4. Nc3 e5 {Eine interessante Variante. Viele
Experten halten hier 5. dxe5 für strategisch verfehlt.} 5. Bg5 f6 6. Bh4 g5 7.
Bg3 f5 {Ungezügelte Aggression! Bercys versucht den Läufer auf g3 zu fangen
und kümmert sich erst einmal nicht um seine Entwicklung. Er vertraut der Kraft
seiner Bauern.} 8. h3 f4 9. Bh2 exd4 10. Nxd4 Nc6 11. Nxc6 bxc6 12. e3 {
Natürlich und stark, um mit der Dame ein entscheidendes Schach auf h5 zu geben.
Aber ist dieses Schach wirklich so vernichtend?} Rb8 $1 {Schwarz hat bislang
nur zwei Figuren entwickelt, aber die sind unglaublich stark, denn Weiß hat
Probleme, die Drohungen gegen b2 zu parieren.} 13. Bd3 Rxb2 14. Qc1 Qf6 15. Ne4
Qe7 16. O-O f3 $1 {Logisch. Schwarz schließt nicht nur das Zentrum, wodurch
sein König sicherer steht, sondern zerstört auch die weiße Bauernstruktur am
Königsflügel und exponiert den weißen König.} 17. Rb1 fxg2 18. Rd1 Rxb1 19.
Qxb1 Nh6 20. Qb8 O-O 21. Qxa7 Nf5 22. Qa4 Nh4 23. Qxc6 Bd7 24. Qb7 g4 25. Be2
gxh3 26. Qxc7 Qxe4 {Bis jetzt hat Schwarz phantastisch gespielt. Jeder Zug war
stark und aggressiv und jetzt schwebt der weiße König in höchster Gefahr. Aber
Sal Bercys ist ein Spieler, der immer in Zeitnot gerät und auch hier hatte er
nur noch wenige Minuten auf der Uhr.} 27. Qxd7 Nf5 $4 {Danach kommt Weiß
wieder ins Spiel. Schwarz hatte zwei Möglichkeiten, die Partie hübsch zu
beenden.} (27... Nf3+ 28. Bxf3 Qxf3 29. Rd2 Qxe3 $1 $19) (27... Qf3 $3 {
Die schillernde Variante. Weiß kann nicht gleichzeitig f2 und e2 decken - und
damit ist die Partie vorbei.}) 28. Bf4 Be5 29. Qe6+ Kh8 30. Bxe5+ dxe5 31. Qd5
$2 {Gibt das Kompliment zurück.} (31. Kh2 {war erzwungen, wobei Schwarz auch
dann weiter im Vorteil ist.}) 31... h2+ $1 {Sehr stark. Die besten Verteidiger
des Weißen sind die schwarzen Freibauern, also opfert Sal diese Bauern!} 32.
Kxh2 Qh4+ 33. Kxg2 Nxe3+ 34. Kg1 (34. fxe3 Rf2+ {und Game Over.}) 34... Nxd5 {
Eine wilde Partie - aber diese Art Schach war absolut nicht untypisch für
dieses Turnier.} 0-1

[Event "Lopota FIDE GP (Women)"]
[Site "Lopota"]
[Date "2014.06.26"]
[Round "7"]
[White "Ju, Wenjun"]
[Black "Stefanova, Antoaneta"]
[Result "1-0"]
[WhiteElo "2532"]
[BlackElo "2488"]
[Annotator "CB"]
[PlyCount "55"]
[EventDate "2014.06.19"]
[EventType "tourn"]
[EventRounds "11"]
[EventCountry "GEO"]
[EventCategory "11"]
[SourceTitle "CBM 161 Extra"]
[Source "ChessBase"]
[SourceDate "2014.08.29"]
[SourceVersion "1"]
[SourceVersionDate "2014.08.29"]
[SourceQuality "1"]

{A very one sided game. Stefanova's early aggression was justified but she had
to follow it up with care and precision, which she did not, and that led to
her position collapsing by move 15.} 1. Nf3 g6 2. d4 Bg7 3. g3 d6 4. Bg2 Nd7 5.
c4 e5 6. Nc3 Ne7 7. O-O O-O 8. h3 Nb6 9. dxe5 Nxc4 10. exd6 Qxd6 11. Qb3 Be6
12. Rd1 {Black's position is active but many of her pieces are hanging. The
knight on c4 is putting pressure on White's position but it itself is a
tactical weakness; Stefanova does not find the best continuation.} Qc5 $2 (
12... Nb6 $1 13. Qc2 Ned5 $1 {Not very human but most precise.} 14. e4 Nb4 15.
Qe2 Qe7 $11) 13. Ng5 $1 {And Black's position cannot really be saved now!} Rad8
$2 (13... Nxb2 14. Nxe6 Qxc3 15. Bxb2 Qxb3 16. axb3 Bxb2 17. Nxf8 Bxa1 18. Rxa1
Rxf8 19. Rxa7 $16) 14. Rxd8 Rxd8 15. Nxe6 fxe6 16. Ne4 Qd4 17. Bg5 Kf7 18. Rc1
{White has made nothing but natural moves, yet it is clear that Stefanova is
falling apart.} b5 19. Qxb5 Nd6 20. Nxd6+ cxd6 21. Rc4 Rb8 22. Qxb8 Qxc4 23.
Qxd6 Ng8 24. Qd7+ Kf8 25. Bc6 Be5 26. Be3 Bxb2 27. Bf4 e5 28. Bd5 1-0

[Event "Biel GM 43rd"]
[Site "Biel"]
[Date "2010.07.20"]
[Round "2"]
[White "Giri, Anish"]
[Black "Andreikin, Dmitry"]
[Result "1/2-1/2"]
[WhiteElo "2672"]
[BlackElo "2650"]
[Annotator "CB"]
[PlyCount "217"]
[EventDate "2010.07.19"]
[EventType "tourn"]
[EventRounds "9"]
[EventCountry "SUI"]
[EventCategory "17"]
[SourceTitle "CBM 138"]
[Source "ChessBase"]
[SourceDate "2010.09.17"]
[SourceVersion "1"]
[SourceVersionDate "2010.09.17"]
[SourceQuality "1"]

1. d4 g6 2. c4 Bg7 3. e4 d6 4. Nf3 Bg4 5. Be2 Nc6 6. Be3 e5 7. d5 Bxf3 8. Bxf3
Nd4 9. Bxd4 exd4 10. Nd2 Nf6 11. O-O O-O 12. Be2 Nd7 13. f4 Nc5 14. Qc2 Re8 15.
Rae1 a5 16. Bd3 a4 17. Nf3 c6 18. Re2 cxd5 19. cxd5 Qa5 20. Qb1 Rac8 21. Rd1
Nd7 22. h3 b5 23. Bc2 Nb6 24. Rde1 Nc4 25. e5 Ne3 26. e6 f5 27. g4 b4 28. gxf5
{# The young Russian has played very well and is close to winning now.
Unfortunately, with} Rxc2 $2 {Black misses his chance to increase his
advantage.} ({Had he instead played} 28... Nxd5 $1 29. f6 (29. fxg6 $6 Nxf4 $1
30. Rh2 Kh8 31. gxh7 a3 32. bxa3 d3 $1 33. Bd1 ({If} 33. Bxd3 $2 Rc3 34. Be4
Qxa3 35. Rf1 d5 $19 {and either the bishop or knight is falling.}) (33. Bb3 Qf5
34. Rf1 bxa3 35. Qe1 d5 {and Rxe6 combined with the threats around the king
are insurmountable.})) 29... Nxf6 30. f5 Qd5 $1 31. Rf1 Rxc2 32. Rxc2 (32. Qxc2
d3) 32... Qxf5 33. Rg2 Qxe6 $19) 29. Rxe3 Qc5 30. Rd3 gxf5 31. Nh4 b3 32. axb3
axb3 33. Qd1 Qxd5 34. Qf3 Qxf3 $2 {A serious mistake.} ({Black had to play} 
34... Qa5 35. Kf1 Qb5 36. Kg1 Qb4 37. Kf1 Qc4 38. Nxf5 Rxe6 39. Rxe6 Qxe6 40.
Qa8+ Kf7 41. Qa7+ Kg6 42. Qxg7+ (42. Nxg7 Qe2+ 43. Kg1 Qg2#) 42... Kxf5 $17)
35. Rxf3 {And with} d3 $2 {Black is now worse.} 36. Rxd3 Bxb2 37. Nxf5 Rc1 38.
Rxc1 Bxc1 39. Rg3+ Kf8 40. e7+ Rxe7 41. Nxe7 b2 42. Rb3 Kxe7 43. Kf2 Bxf4 44.
Rxb2 Kf6 45. Kf3 Be5 46. Rg2 Kf5 47. Rg8 h5 48. Rf8+ Kg6 49. Ke4 h4 {#Even
without the d-pawn, this position is a theoretical draw, and no fancy
maneuvers required to hold it. So is the young Nepalese-Russian-Dutchman
justified in pressing on? Unquestionably. The reason is psychological rather
than a hope that his opponent is lacking in technique. After building up a
huge position, to then miss more than one opportunity to put his opponent away,
and now be forced to play an endgame down an exchange. More than one player
has collapsed as a result, playing otherwise incomprehensible blunders they
would never normally commit. Andreikin shows his ability to recover even after
such an unpleasant turnaround, and holds his nerve while being forced to play
on for the next 60 moves.} 50. Kd5 Bg3 51. Ke6 Kg5 52. Rf5+ Kg6 53. Ra5 Be5 54.
Ra4 Bg3 55. Rg4+ Kh6 56. Kf6 Be5+ 57. Kf7 Bg3 58. Rg6+ Kh7 59. Kf6 Be5+ 60. Kg5
Bf4+ 61. Kh5 Bg3 62. Rg4 Be1 63. Rf4 Kg7 64. Rf5 Bg3 65. Rf1 d5 66. Rd1 Kf6 67.
Rxd5 Ke6 68. Rd1 Ke5 69. Rf1 Ke4 70. Rf8 Ke5 71. Kg6 Ke6 72. Re8+ Kd7 73. Re2
Kd6 74. Kf5 Kd5 75. Rd2+ Kc5 76. Ke6 Kc4 77. Rd5 Bh2 78. Rd8 Bg3 79. Rd5 Bh2
80. Rf5 Bg3 81. Kf6 Kd4 82. Rg5 Ke4 83. Ke6 Kd4 84. Ra5 Kc4 85. Ra8 Kd4 86. Rc8
Bh2 87. Rc1 Bg3 88. Rc2 Kd3 89. Rc1 Kd4 90. Rf1 Kc4 91. Rf5 Kd4 92. Ra5 Kc4 93.
Ra4+ Kc5 94. Re4 Bf2 95. Re2 Bg3 96. Rd2 Kc4 97. Kf5 Kc5 98. Ke4 Kc6 99. Rd5
Bh2 100. Rh5 Bg3 101. Rh6+ Kc5 102. Rh5+ Kd6 103. Kd4 Bf2+ 104. Kd3 Bg3 105.
Kc4 Ke6 106. Rh6+ Ke5 107. Kd3 Kd5 108. Rh5+ Kd6 109. Ke4 1/2-1/2

[Event "Cacak"]
[Site "Cacak"]
[Date "1996.??.??"]
[Round "8"]
[White "Damljanovic, Branko"]
[Black "Hodgson, Julian M"]
[Result "0-1"]
[WhiteElo "2470"]
[BlackElo "2550"]
[Annotator "Chekhov,V"]
[PlyCount "84"]
[EventDate "1996.11.??"]
[EventType "tourn"]
[EventRounds "9"]
[EventCountry "YUG"]
[EventCategory "13"]
[SourceTitle "CBM 057"]
[Source "ChessBase"]
[SourceDate "1997.04.01"]
[SourceVersion "1"]
[SourceVersionDate "1997.04.01"]
[SourceQuality "1"]

1. Nf3 d6 2. d4 Bg4 3. e4 Nf6 4. h3 Bh5 5. Nc3 e6 6. Qe2 c6 (6... Nbd7 $6 7. g4
Bg6 8. h4 (8. g5 $5) 8... h5 9. g5 $16) 7. g4 Bg6 8. h4 h5 9. g5 Nfd7 10. Bh3 (
10. d5 e5 11. Bh3 Be7 12. Be3 O-O 13. Nd2 Qe8 14. Nf1 cxd5 15. exd5 Na6 16. Ng3
f5 17. gxf6 Nxf6 $13 {Cebalo,M-Mione,D/Corsico/1996/1|0/34/}) 10... Be7 11. d5
$5 (11. Nd2 d5 12. f4 dxe4 13. Ndxe4 Nb6 14. Be3 Nd5 15. O-O Nxe3 16. Qxe3 Na6
17. f5 $132 {Goldin,A-Epishin,V/New York/1993/0,5/39/}) (11. Be3 d5 12. Nd2 Nb6
13. f4 dxe4 14. Ncxe4 Nd5 15. c3 Bf5 $13 {Vukic,M-Barlov,D/Tivat/1994/0,5/35/})
11... cxd5 12. exd5 e5 13. Be3 O-O 14. Nd2 Na6 15. Nb3 $6 (15. Nf1 $5) (15.
Nde4 $5) 15... Nb4 16. Rc1 Nb6 17. Bg2 Rc8 18. a3 Na6 19. Na5 Rxc3 $1 20. bxc3
Qc7 21. O-O (21. Qd2 Na4 22. Nb3 b6 23. O-O Nxc3 $146) (21. Bd2 $5) 21... Qxc3
22. Qe1 (22. Nxb7 Rb8 23. Bd2 Qc4 $1 $17) (22. Bxb6 axb6 23. Nc4 b5 24. Ne3 b4
25. axb4 Nxb4 $146) 22... Qc7 23. f4 (23. Qd2 $5 Nc5 $146) 23... exf4 24. Bxf4
Bd8 25. Nb3 (25. Kh1 $5 Nc5 (25... Nxd5 26. Bxd5 Qxa5 27. Qxa5 Bxa5 28. Bxb7
$16) 26. Nb3) 25... Nc4 26. Kh1 Nc5 27. Nxc5 $6 (27. Qb4 $22 Ne4 28. Rce1)
27... Qxc5 28. Qb4 Bb6 $1 29. Rce1 (29. Rfe1 $5) 29... a5 $1 30. Qxc5 Bxc5 31.
Be4 Nxa3 $17 32. Bxg6 fxg6 33. Bd2 Rxf1+ 34. Rxf1 Nc4 35. Bc3 b5 36. Re1 b4 37.
Ba1 Ne3 38. Re2 a4 39. Kh2 a3 40. Kg3 Nf5+ 41. Kf4 Bd4 42. c3 (42. Bxd4 Nxd4
43. Rd2 a2 44. Rd1 Nxc2 $19) 42... Be5+ (42... Be5+ 43. Ke4 b3 $19) 0-1

[Event "Vienna op"]
[Site "Vienna"]
[Date "1996.??.??"]
[Round "8"]
[White "Lerner, Konstantin Z"]
[Black "Kveinys, Aloyzas"]
[Result "1-0"]
[WhiteElo "2580"]
[BlackElo "2530"]
[Annotator "Chekhov,V"]
[PlyCount "73"]
[EventDate "1996.??.??"]
[EventType "swiss"]
[EventRounds "9"]
[EventCountry "AUT"]
[SourceTitle "CBM 053 Extra"]
[Source "ChessBase"]
[SourceDate "1996.09.01"]
[SourceVersion "1"]
[SourceVersionDate "1996.09.01"]
[SourceQuality "1"]

1. d4 d6 2. g3 g6 3. Bg2 e5 $6 (3... Bg7 4. e4 $14) 4. dxe5 dxe5 5. Qxd8+ Kxd8
6. Nc3 c6 (6... Nd7 7. f4 Ngf6 8. Nf3 exf4 9. Ng5 Ke7 10. Bxf4 h6 11. Nge4 $36
{Karasev,V-Tunik,G/St Petersburg/1994/0|1/49/}) 7. f4 Nd7 8. Nf3 (8. fxe5 Nxe5
9. Bf4 Bg7 10. O-O-O+ Ke7 11. Ne4 (11. Nf3 $5) 11... Bh6 12. e3 Ng4 13. Re1
N8f6 14. Nd6 Bxf4 15. Nxc8+ Raxc8 16. exf4+ Kf8 $14 {Schekachev,A-Belikov,V/
Yurmala/1991/0|1/47/}) 8... Nh6 (8... exf4 9. Bxf4 Bh6 10. O-O-O Bxf4+ 11. gxf4
Ke7 12. Ne4 $36) (8... Bg7 9. fxe5 Nxe5 10. Bg5+ Kc7 11. Bf4 f6 12. Ne4 $36) 9.
fxe5 Ng4 10. Bg5+ $1 Be7 (10... Ke8 11. h3 Ngxe5 12. Nxe5 Nxe5 13. Bf6 $18) 11.
Bf4 Rg8 (11... h6 12. Bh3 g5 13. Bxg4 gxf4 14. Bxd7 Bxd7 15. gxf4 $18) 12. Ne4
h6 13. Bh3 g5 14. Bxg4 gxf4 15. Bxd7 Bxd7 16. gxf4 $18 Kc7 17. O-O-O Rg2 18.
Rd2 Be6 19. e3 Rag8 20. Ng3 Rxd2 21. Nxd2 Bc5 22. Re1 h5 23. Nde4 (23. Nxh5 Rh8
24. Ng3 Rxh2 25. Nde4 $18) 23... Bb4 24. Rg1 (24. c3 Be7 25. a3 h4) 24... h4
25. Ne2 Rxg1+ 26. Nxg1 Bd5 27. Nf6 Bxa2 28. Nf3 a5 29. Nxh4 (29. b3 Ba3+ 30.
Kd2 b5 31. Nxh4 a4 $44) 29... a4 30. Nf3 Kd8 31. h4 Ke7 32. h5 Kf8 33. h6 Be6
34. e4 Bc5 35. Kd2 b5 36. Ng5 Bc8 (36... b4 37. Nxe6+ fxe6 38. Nd7+ $18) 37. h7
(37. h7 Kg7 38. Nxf7 $18) 1-0

[Event "YUG-chT"]
[Site "Tivat"]
[Date "1995.??.??"]
[Round "9"]
[White "Drasko, Milan"]
[Black "Nikolic, Goran"]
[Result "1-0"]
[WhiteElo "2505"]
[BlackElo "2355"]
[Annotator "Chekhov,V"]
[PlyCount "67"]
[EventDate "1995.??.??"]
[EventType "team-swiss"]
[EventRounds "11"]
[EventCountry "YUG"]
[SourceTitle "CBM 048 Extra"]
[Source "ChessBase"]
[SourceDate "1995.11.01"]
[SourceVersion "1"]
[SourceVersionDate "1995.11.01"]
[SourceQuality "1"]

1. d4 d6 2. Nf3 Bg4 3. c4 Bxf3 4. exf3 c6 5. Nc3 g6 (5... Nf6 6. d5 (6. f4 $5
e6 7. d5 exd5 8. cxd5 Be7 9. Be2 O-O 10. O-O Nbd7 11. Be3 Nb6 12. Bf3 Rc8 13.
Qb3 c5 14. g4 $1 $36 {Jllescas Cordoba,M-Spangenberg,H/Buenos Aires/1993/1|0/
35/}) 6... g6 7. Bd3 Bg7 8. O-O O-O 9. Re1 a6 10. f4 b5 11. Qf3 b4 12. Ne4 cxd5
13. Nxf6+ Bxf6 14. Qxd5 Nd7 15. f5 $14 {Stohl,I-Karlsson,L/Hamburg/1993/0,5 49/
}) 6. Be3 (6. Be2 Bg7 7. Be3 Nd7 8. Qd2 Ngf6 9. d5 O-O 10. O-O a6 11. Rab1 cxd5
12. Nxd5 Nxd5 13. Qxd5 Qc7 $132 {Stohl,J-Karlsson,L/Hamburg/1993/0,5/49/}) (6.
Bd3 Bg7 7. d5 Nf6 8. O-O O-O 9. Re1 Nbd7 10. f4 Nb6 11. f5 Rc8 12. fxg6 hxg6
13. Bg5 Re8 14. Qb3 Nfd7 15. Bf1 $16 {Komljenovic,D-Topalov,V/Candas/1992/1|0/
39/}) 6... Bg7 7. h4 Nf6 $5 {N} (7... h5 $5 8. g3 Nd7 9. f4 Nh6 $1 10. Qd3 Qa5
11. Bg2 Nb6 12. O-O Nf5 13. Rab1 Qa6 14. d5 cxd5 15. Bxd5 Rc8 16. Bxb6 Qxb6 $13
{Kozul,Z-Piasetski,L/Mississauga/1990/0,5/47/}) 8. Be2 (8. Qd2 $5) 8... d5 (
8... Nbd7 $5 9. f4 h5 10. d5 $14) 9. c5 b6 $6 (9... Nbd7 $5 10. f4 h5 11. b4 a6
12. a4 e6 13. Qb3 O-O 14. O-O $14) 10. b4 bxc5 (10... a5 11. Na4 $1 Nbd7 (11...
axb4 12. Nxb6 Ra3 13. Qb1 $16) 12. b5 cxb5 13. Bxb5 bxc5 14. Nxc5 O-O 15. Rc1
$14) 11. bxc5 Nfd7 12. Na4 (12. f4 $2 Nxc5 $1) 12... e5 13. Rb1 O-O $6 (13...
h5 $6 14. g3 O-O 15. O-O Re8 16. dxe5 Nxe5 17. f4 $16) (13... Qa5+ 14. Kf1 O-O
15. h5 $40) (13... Qf6 $5) 14. h5 $16 Re8 15. h6 Bh8 16. g3 Qf6 (16... exd4 17.
Bxd4 Bxd4 18. Qxd4 Qf6 19. Qxf6 Nxf6 20. Kd2 $16) 17. Rh4 $1 (17. dxe5 Rxe5 $6
(17... Nxe5 18. Rh4 d4 $1 19. Rxd4 Nxf3+ 20. Bxf3 Qxd4 $17) 18. Rh4 Rxe3 19.
fxe3 Nxc5 20. Nxc5 Qc3+ 21. Kf2 Qxc5 22. Rb7 Qd6 23. Qa4 Nd7 24. Rxa7 Rxa7 25.
Qxa7 $16) 17... exd4 18. Bxd4 Qxf3 19. Kf1 Qf5 20. Rb3 (20. Rb7 $5) 20... Bxd4
21. Qxd4 Qf6 22. Re3 $1 Rxe3 (22... Rf8 23. Qb4 $16) 23. Qxe3 Qe5 24. Qb3 Qc7
25. Rb4 $18 Nf6 26. Rb7 Qd8 27. Qb2 Kf8 28. g4 g5 29. f4 (29. Qe5 $18) 29...
Nbd7 30. fxg5 Ne4 31. Qg7+ Ke7 32. g6 hxg6 33. Qe5+ Kf8 34. Rxd7 (34. Rxd7 Qxd7
35. h7 $18) 1-0

[Event "Vrsac"]
[Site "Vrsac"]
[Date "1989.??.??"]
[Round "1"]
[White "Cvitan, Ognjen"]
[Black "Davies, Nigel Rodney"]
[Result "1-0"]
[WhiteElo "2515"]
[BlackElo "2470"]
[Annotator "ChessBase"]
[PlyCount "59"]
[EventDate "1989.09.??"]
[EventType "tourn"]
[EventRounds "11"]
[EventCountry "YUG"]
[EventCategory "10"]
[SourceTitle "CBM 015"]
[Source "ChessBase"]
[SourceDate "1990.04.01"]
[SourceVersion "1"]
[SourceVersionDate "1990.04.01"]
[SourceQuality "1"]

1. d4 d6 2. Nf3 Bg4 3. e4 Nf6 4. h3 Bh5 5. Nc3 e6 6. Bg5 (6. Qe2 $1 c6 7. g4
Bg6 8. h4 {Damljanovic,B-Davies,N/Vrsac/1989/ +/- ->}) 6... Be7 7. Qe2 $1 Nc6
$2 {>= 7...c6 +/=} 8. g4 Bg6 9. d5 exd5 10. exd5 Ne5 11. Nxe5 dxe5 12. O-O-O $1
(12. Qxe5 Bxc2) (12. Qb5+ Qd7 13. Qxb7 O-O) 12... Nd7 13. Bxe7 Qxe7 14. h4 h6
15. Nb5 $1 Qc5 16. Rh3 {16.d6!} O-O {>= 16...a6} 17. Rc3 Qb6 18. Nxc7 Rad8 19.
Bg2 Qf6 20. h5 Bh7 21. d6 b6 22. Nd5 $1 Qxd6 23. Rc6 $1 Qb8 24. g5 $1 hxg5 25.
Qg4 Rfe8 26. Qxg5 f6 27. Qg4 $1 (27. Rxf6 Nxf6 28. Nxf6+ Kh8 29. Nxe8 Rxd1+ 30.
Kxd1 Qxe8) 27... Kh8 28. Rc7 Re7 29. Nxe7 Qxc7 30. Ng6+ 1-0

[Event "Montreal International"]
[Site "Montreal"]
[Date "1979.05.02"]
[Round "16"]
[White "Portisch, Lajos"]
[Black "Kavalek, Lubomir"]
[Result "1/2-1/2"]
[WhiteElo "2640"]
[BlackElo "2590"]
[Annotator "ChessBase"]
[PlyCount "130"]
[EventDate "1979.04.11"]
[EventType "tourn"]
[EventRounds "18"]
[EventCountry "CAN"]
[EventCategory "15"]
[SourceTitle "MCL"]
[Source "ChessBase"]
[SourceDate "1999.07.01"]
[SourceVersion "1"]
[SourceVersionDate "1999.07.01"]
[SourceQuality "1"]

1. Nf3 g6 2. c4 Bg7 3. d4 d6 4. Nc3 Bg4 $6 (4... Nd7) (4... e5 5. dxe5 dxe5 6.
Qxd8+ Kxd8 7. Bg5+ f6 8. O-O-O+ Nd7 9. Bd2 Nh6 10. Rg1 Nf7 11. g4 c6 12. Ne4
Kc7 13. e3 Bf8 14. Bc3 Be7 15. Be2 Re8 16. h4 Nc5 17. Nxc5 Bxc5 $10 {Portisch,
L-Keene,R/Teeside/1972/}) 5. e3 e5 $6 (5... Nc6 6. Be2 e5 7. d5 Nce7 8. e4 Bxf3
9. Bxf3 {Robatsch,K-Suttles,D/Nice ol/1974/0-1/ Filip,M-Suttles,D/Siegen ol/
1970/1-0/ Najdorf,M-Suttles,D/Siegen ol/1970/1/2-1/2/}) (5... c5 6. Be2 cxd4 7.
exd4 Nh6 {Portisch,L-Timman.J/Wijk/1975/1/2-1/2/} 8. d5 Nf5 9. O-O Nd7 10. Bd2
{Marin,M-Jansa,V/Warsaw zt/1987/1-0/34/}) 6. dxe5 (6. d5 Nd7 7. e4 Ne7 8. Be2
Bxf3 9. Bxf3 O-O 10. h4 $1 {Ivkov,B-Barendregt/Amsterdam/1969/}) 6... dxe5 7.
Qxd8+ Kxd8 8. Ng5 Nh6 9. Be2 $1 Bd7 (9... Bxe2 10. Kxe2 {Now Black has less
control of e6, to chase the Ng5 away.}) 10. Bd2 c6 11. O-O-O Na6 12. Rhg1 f6
13. Nge4 f5 14. Ng5 Ke7 {/\Rad8,Bc8.} 15. e4 f4 16. g3 {White has the better
pawn formation.} fxg3 (16... Raf8 $5 17. gxf4 exf4 {Bg7 has now a free
diagonal.}) 17. hxg3 $14 Ng4 18. Be1 {/\Rxd7+} Bc8 19. Kb1 h6 20. Nf3 {/\Nh4}
g5 {><f5} 21. Nd2 Rf8 22. f3 Nf6 (22... Ne3 $5 23. Rc1 g4 24. f4 exf4 25. gxf4
Rxf4 26. Rg3 Bd4 27. Nb3 Bxc3 $1 28. Rxc3 Nf1 29. Rg1 Nh2 30. Bg3 Nf3 31. Rh1
Rxe4 $10) 23. Nf1 $1 $14 {><f5} g4 24. Ne3 (24. f4 Nc5 25. Nd2 Rd8 26. fxe5
Nfxe4 27. Ndxe4 Bf5 $15) 24... gxf3 25. Bxf3 Ne8 (25... Be6 26. Nf5+ Bxf5 (
26... Kf7 27. Nd6+ Kg8 28. Nxb7 Bxc4 29. Na5 $16) 27. exf5 Rad8 28. Bf2 $16)
26. Be2 Nd6 27. g4 Bf6 28. Bf2 Bg5 29. Nf5+ Bxf5 30. exf5 $1 b6 31. Bg3 {
+/=/+/- : ^^,><e5,><h6.} Bf6 32. Bf3 Rac8 33. Rge1 Nf7 (33... Nxc4 $2 34. Be2
b5 35. Bxc4 bxc4 36. Bxe5 $18) 34. Ne4 Rfd8 35. Nxf6 Kxf6 36. a3 (36. Rxd8 Rxd8
37. Bxc6 (37. Bh4+ Ng5 38. Bxc6 Rd4 39. Bf3 Nc5 $44) 37... Kg5 38. Bxe5 (38.
Bd5 Kxg4 39. Bxf7 Kxg3 40. Rxe5 Kf4 41. Re7 Nb4 $132) 38... Nb4 $132) 36... Nc5
37. Kc2 e4 38. Be2 $1 (38. Rxd8 Rxd8 39. Bxe4 Rd4 $1 $132) 38... a5 $6 {
Looking for counterplay} (38... Rxd1 $1 39. Rxd1 a5 40. b4 axb4 41. axb4 Nd3 (
41... Na6 $2 42. Kc3 c5 43. b5 Nb4 44. Ra1 $18) 42. Bxd3 exd3+ 43. Rxd3 Kg5 44.
Rd4 c5 45. bxc5 Rxc5 $14 {Kholmov}) 39. Rxd8 Rxd8 (39... Nxd8 40. b4 axb4 41.
axb4 Na6 42. Kc3 Nf7 43. Bd1 Ng5 44. Bc2 Re8 45. Bf4 (45. Bh4 $2 e3 $1) 45...
c5 46. b5 Nb4 47. Bxg5+ Kxg5 48. Rxe4 $18) 40. Bc7 Rd7 41. Bxb6 Nd3 42. Rd1 (
42. Bxd3 $2 exd3+ 43. Kc3 Ne5 44. Bd4 $2 Rxd4 45. Kxd4 Nf3+ $19) 42... Nfe5 43.
Be3 (43. Bxa5 $6 Nxc4 44. Bc3+ Kg5 45. Bd2+ Nxd2 46. Rxd2 Rh7 $1 47. Bxd3 exd3+
48. Rxd3 Kxg4 $10) 43... h5 (43... Nxc4 $5 44. Bxh6 Ncxb2 45. Rf1 Nc4 46. g5+
Ke5 47. g6 Nxa3+ 48. Kb3 Nb5 49. g7 a4+ $1 $132 (49... Nd4+ $132)) 44. gxh5
Nxc4 45. Bc1 Nce5 46. Bxd3 (46. Rf1 Rg7 $1 {/\Rg2}) 46... Nxd3 (46... exd3+ 47.
Kc3 Kxf5 48. Rf1+ Ke6 49. Bd2 $1 $18) 47. Be3 $1 Kxf5 48. Rf1+ Ke6 49. h6 c5
50. b3 Rf7 51. Rxf7 Kxf7 $18 52. Kc3 Ne5 53. Bxc5 Ng4 (53... Kg6 54. Be3) 54.
h7 Kg7 55. a4 $1 Kxh7 56. Kd4 Kg6 (56... e3 57. Bb6 e2 58. Bxa5) 57. Kxe4 Nf6+
58. Kd4 (58. Ke5 $18 Kf7 59. Kd6 (59. Be3 Ng4+ 60. Kf4 Nxe3 61. Kxe3 Ke7 $10)
59... Ne4+ (59... Ke8 60. Kc6 Ne4 61. Bb6 Nd2 62. b4 axb4 63. a5 b3 64. Bd4 $18
) 60. Kd5 Nd2 61. b4 axb4 62. a5 $1 (62. Bxb4 $2 Nb3 $1 63. Kc4 Ke6 $10) 62...
Nb3 63. a6 Nxc5 64. a7 Nd7 65. Kc6 $18 {Kholmov}) 58... Nd7 59. Bd6 Kf5 60. Bc7
(60. Kd5 $18 Nf6+ 61. Kc6 Ke4 (61... Ne4 62. Bb4 $1 axb4 63. a5 Nd2 64. a6 Nxb3
65. a7 $18) 62. Bc7 Kd3 63. Bxa5 Kc2 64. Bd8 $18) 60... Ke6 61. Bxa5 (61. Kc4
$1 {Wins easier}) 61... Kd6 62. b4 $4 (62. Kc4 Kc6 63. b4 $18) (62. Bd8 Nb8 63.
Kc4 Nc6 64. Bb6 $18) 62... Nb8 {/\Nc6+} 63. Kc4 (63. b5 Nc6+ $1 64. bxc6 Kxc6
$10) 63... Nc6 64. Kb5 Nxb4 65. Kb6 (65. Bxb4+ Kc7 66. Bd6+ Kb7 $10) 65... Nd3
$1 {/\Nb2} (65... Nd3 66. Bc3 Kd7 67. Kb7 Nc5+) 1/2-1/2

[Event "Biel"]
[Site "Biel"]
[Date "1989.??.??"]
[Round "?"]
[White "Sokolov, Ivan"]
[Black "Miles, Anthony John"]
[Result "0-1"]
[WhiteElo "2525"]
[BlackElo "2580"]
[Annotator "ChessBase"]
[PlyCount "40"]
[EventDate "1989.07.??"]
[EventType "tourn"]
[EventRounds "14"]
[EventCountry "SUI"]
[EventCategory "14"]
[SourceTitle "CBM 014"]
[Source "ChessBase"]
[SourceDate "1990.02.01"]
[SourceVersion "1"]
[SourceVersionDate "1990.02.01"]
[SourceQuality "1"]

1. d4 d6 2. Nf3 Bg4 3. c4 Nd7 4. e4 e5 5. Be2 Be7 6. d5 Bxf3 $5 7. Bxf3 Bg5 8.
Nc3 a5 9. Bxg5 Qxg5 10. O-O Nh6 $1 11. Qb3 $6 Nc5 12. Qb5+ Ke7 $1 13. Na4 b6 (
13... c6 $2 14. Qb6 $1 (14. dxc6 $2 bxc6 15. Qxc6 Rhc8 16. Qb5 Rab8 17. Qxa5
Ra8 $19) 14... Nxa4 15. Qxb7+ Kf6 16. Qxc6 {/\ 17.Qd6#}) 14. Nxc5 bxc5 15. a3
Rhb8 16. Qc6 Kd8 $1 (16... Ra7 $2 17. b4 Rb6 18. Qa4 cxb4 19. axb4 Rxb4 20.
Qxb4 $1 $16) 17. h4 $2 (17. b4 $1 $10 axb4 18. axb4 Rxa1 19. Rxa1 Qd2 $1 20.
bxc5 Qa5 $1 $10) 17... Qd2 $1 (17... Qxh4 $2 18. b4 axb4 19. axb4 Rxa1 20. Rxa1
cxb4 21. c5 Qe7 22. Ra8 $18) 18. Bd1 Ng8 19. Ba4 Nf6 20. f4 $2 (20. Rad1 Qe2 $1
) 20... Rxb2 $1 (20... Ra7 21. fxe5 Rb6 22. exf6 Rxc6 23. fxg7 Qd4+ 24. Kh2
Qxg7 25. Bxc6 $13 {Sokolov,I}) 0-1